| 000 | 01751nam a2200349 c 4500 | ||
|---|---|---|---|
| 003 | BLK | ||
| 005 | 20180420215102.0 | ||
| 008 | 180413b bul|||||r ||||||| ||bul|| | ||
| 010 | _aKNG00017516000 | ||
| 040 | _aBLK | ||
| 041 |
_aBUL _cBUL |
||
| 080 |
_aОфициална статистика. Обща организация на статистиката. _b311.3 _x _z311.3 |
||
| 080 |
_aСоциология на комуникацията. Социология на средствата за масови комуникации, за масова култура и пропаганда. Аудиовизия(социол. аспекти) _b316.77 _x _z316.77 |
||
| 100 | 1 |
_aНиколов, Александър Иванов _eпърви автор _9260496 |
|
| 700 | 1 |
_aКарамфилов, Захари Тодоров _eсъавт. _9260497 |
|
| 139 |
_aНиколов, Александър Иванов и др. _bН 74 |
||
| 245 | 1 | 0 |
_aСтатистическата информация и четвъртата власт _cАлександър Иванов Николов; съавт. Захари Тодоров Карамфилов. |
| 257 | _aBGR | ||
| 260 |
_аСофия _bСтатист. изд. _c1997 |
||
| 300 |
_a301 с. _bс табл., факс., диагр. _c22 см |
||
| 380 | _a3 | ||
| 500 | _aДеп. списък: 22 Изд. на Нац. статист. инст ; 800 тир | ||
| 650 | 4 |
_aИнформация, статистическа _9260498 |
|
| 650 | 4 |
_aМасови комуникации _9252854 |
|
| 653 | _aинформация | ||
| 653 | _aвласт | ||
| 852 | _aЦб 192890 | ||
| 856 | 4 |
_qpdf _u |
|
| 856 | 4 |
_qpdf _u |
|
| 942 |
_cKNG _n0 |
||
| 944 |
_aCR _c15.01.2003 _kКети_Илиева |
||
| 944 |
_aED _c20.12.2016 _kИвелин_Попов |
||
| 999 |
_c15715 _d15715 |
||